|
|
|
|
| LEADER |
01000nam a2200265 a 4500 |
| 001 |
14212439 |
| 008 |
100706r2010 ctua 001 0 eng d |
| 010 |
|
|
|a 2005296806
|
| 020 |
|
|
|a 9788177226577
|
| 020 |
|
|
|a 1932394613 (pbk.)
|
| 040 |
|
|
|a EQO
|c EQO
|d DLC
|d DB-DhAAL
|
| 082 |
0 |
4 |
|a 005.2762
|2 22
|
| 100 |
1 |
|
|a Crane, Dave.
|
| 245 |
1 |
0 |
|a Ajax in action /
|c Dave Crane, Eric Pascarello with Darren James.
|
| 260 |
|
|
|a Greenwich, Conn. ;
|a NewDelhi :
|b Manning/dreamtech,
|c 2010.[reprinted]
|
| 300 |
|
|
|a xxx, 650 p. :
|b ill. ;
|c 24 cm.
|
| 504 |
|
|
|a Includes index.
|
| 541 |
1 |
|
|e 00020643
|
| 650 |
|
0 |
|a Ajax (Web site development technology)
|
| 650 |
|
0 |
|a JavaScript (Computer program language)
|
| 700 |
1 |
|
|a Pascarello, Eric.
|
| 700 |
1 |
|
|a James, Darren.
|
| 852 |
4 |
|
|a Ayesha Abed Library
|j General Shelf.
|
| 999 |
|
|
|c 9197
|d 9197
|
| 952 |
|
|
|0 0
|1 0
|2 ddc
|4 0
|6 005_276200000000000_CRA_2010
|7 0
|9 11588
|a BRACUL
|b BRACUL
|c GEN
|d 2010-07-07
|g 628.60
|l 3
|m 9
|o 005.2762 CRA
|p 3010020643
|r 2018-06-12
|s 2018-06-03
|t 1
|w 2010-07-07
|y BK
|